| 000 | 00488nam a2200169Ia 4500 | ||
|---|---|---|---|
| 008 | 220216s9999 xx 000 0 und d | ||
| 100 | _aDudley J W | ||
| 245 | 0 | _aTheory for identification of marker locus-QTL associations in population by line crosses | |
| 260 |
_bTheoretical and Applied Genetics _c1992 |
||
| 300 | _a101-104 | ||
| 650 | _aCon breeding | ||
| 650 | _aMarker assisted selection | ||
| 650 | _aQTL | ||
| 650 | _aQuantitative genetics | ||
| 650 | _aRFLP | ||
| 942 | _cJS | ||
| 999 |
_c71185 _d71185 |
||